Theorie des Konkurrenzsozialismus Beitrag zu einer Phänomenologie der Wirtschaftssysteme

Gespeichert in:
Bibliographische Detailangaben
Format: Buch
Sprache:Deutsch
Veröffentlicht: Stuttgart Fischer 1983
Schriftenreihe:Schriften zum Vergleich von Wirtschaftsordnungen Heft 32
Tags: Tag hinzufügen
Keine Tags, Fügen Sie das erste Tag hinzu!

MARC

LEADER 00000nam a2200000 4500
001 c132385
005 20041019155255.0
041 0 |a ger 
044 |a DE 
245 1 0 |a Theorie des Konkurrenzsozialismus  |b Beitrag zu einer Phänomenologie der Wirtschaftssysteme 
264 1 |a Stuttgart  |b Fischer  |c 1983 
300 |a 222 s. 
490 1 |a Schriften zum Vergleich von Wirtschaftsordnungen  |v Heft 32 
830 0 |a Schriften zum Vergleich von Wirtschaftsordnungen  |v Heft 32